000 00506nam a22001697a 4500
003 NUST - PNEC
005 20170116181006.0
008 150906b xxu||||| |||| 00| 0 eng d
020 _a0133593697
040 _cLIBRARY
082 _a621.3192078 BER
100 _98349
_aBerube,Richard H.
245 _aComputer simulated experiments for electric devices using Electronics workbench multisim
_cRichard H. Berube
260 _cc.1996
650 _98355
_aElectronics Workbench
_xEL, EE
942 _2ddc
_cBK
999 _c66883
_d66883